Interest rate pass-through in the Euro area: financial fragmentation, balance sheet policies and negative rates

Guardado en:
Detalles Bibliográficos
Autor principal: Horváth, Roman
Otros Autores: Kotlebová, Jana, 1969-, Širaňová, Mária
Formato: Capítulo de libro
Lenguaje:inglés
Materias:
Etiquetas: Agregar Etiqueta
Sin Etiquetas, Sea el primero en etiquetar este registro!

MARC

LEADER 00000nla a2200000 4500
001 0240100
005 20240502073908.6
041 0 |a eng 
044 |a SK 
245 1 0 |a Interest rate pass-through in the Euro area: financial fragmentation, balance sheet policies and negative rates  |c Roman Horvath, Jana Kotlebova, Maria Siranova 
500 |a Abstrakt 
610 2 0 |a miera úroková 
610 2 0 |a trh finančný 
610 2 0 |a banky 
610 2 0 |a úver spotrebiteľský 
100 1 |a Horváth, Roman 
700 1 |a Kotlebová, Jana, 1969- 
700 1 |a Širaňová, Mária